000 00488nam a2200157 4500
999 _c7526
_d7526
008 170929b xxu||||| |||| 00| 0 eng d
022 _a01181831
082 _aDPer 613.05 H34 Jul-Nov 2013
100 _922814
_aPamaran, Maan D.
245 _aMoney-making, home-based hobbies/
_cMaan D. Pamaran.
260 _aPhilippines:
_bMIMS Pte Ltd KDN,
_c©2013.
300 _apages 71-73:
_billustrations;
_c28 cm.
500 _aHealth today.
650 0 _922815
_aBusiness.
942 _2ddc
_cPER